| 000 | 00576nam a2200205Ia 4500 | ||
|---|---|---|---|
| 003 | GCL | ||
| 008 | 140319s9999 xx 000 0 ara d | ||
| 040 |
_aGCL / _cGCL |
||
| 082 | 0 | 4 |
_aق _b071.962 _bس ا |
| 100 | 1 | _aسليمان صالح | |
| 245 | 1 | 0 |
_aازمة حرية الصحافة فى مصر 1945 - 1985 / _cسليمان صالح |
| 300 | _a642 ص | ||
| 490 | _a | ||
| 650 | 0 | 4 | _aمصر |
| 650 | 0 | 4 | _aالصحافة المصرية |
| 650 | 0 | 4 | _aالصحافة |
| 650 | 0 | 4 | _aحرية الصحافة |
| 650 | 0 | 4 | _aالحكومة والصحافة |
| 942 |
_2ddc _cBK |
||
| 999 |
_c39333 _d39333 |
||